Statistics for Relatively far Capital City Pairs compared to Country Centroids

Click here to take the quiz!

General Stats

  • This quiz has been taken 23 times
  • The average score is 22 of 40

Answer Stats

Capital City % Correct
Beijing
100%
Moscow
94%
Ulaanbaatar
88%
Pyongyang
76%
Santiago
71%
Algiers
71%
Kinshasa
65%
Baku
65%
Bamako
59%
Buenos Aires
59%
Yerevan
59%
Kigali
59%
Maputo
59%
Bandar Seri Begawan
53%
Kuala Lumpur
53%
Brazzaville
53%
Jakarta
53%
Malabo
47%
Hanoi
47%
Lilongwe
41%
Tashkent
41%
Libreville
41%
Bujumbura
41%
Phnom Penh
35%
Zagreb
35%
Tokyo
29%
Rome
29%
Ashgabat
29%
San Marino
24%
Havana
18%
Kingston
18%
Sarajevo
12%

Score Distribution

Percentile by Number Answered

Percent of People with Each Score

Your Score History

You have not taken this quiz